ნორმალური ფორმატი
MARC ფორმატი
ჩანაწერი Personal Name
ჩანაწერთა რაოდენობა, რომელიც გამოყენებულია: 1
001 - CONTROL NUMBER
- control field: 12585
003 - CONTROL NUMBER IDENTIFIER
- control field: GE_BSU
005 - DATE AND TIME OF LATEST TRANSACTION
- control field: 20211005120439.0
008 - FIXED-LENGTH DATA ELEMENTS
- fixed length control field: 211005|| aca||aabn | a|a d
040 ## - CATALOGING SOURCE
- Original cataloging agency: GE_BSU
- Transcribing agency: GE_BSU
100 ## - HEADING--PERSONAL NAME
- Personal name: გოგიჩაიშვილი, გიზო
- Relator term: შემდგენლი
670 ## - SOURCE DATA FOUND
- Source citation: Work cat.: (GE_BSU)54174: საველე ნიადაგმცოდნეობა :
